000 00802cab a2200229 4500
001 WB3505-16
008 090401t1999 xxu||||| |||| 00| 0 eng d
035 _a(Sirsi) u91033
041 _aeng
245 _aFees slammed
260 _c1999
350 _a0
490 _aBuilding
_v263(8072) 29 January 1999, 7(1)
520 _aThe National Audit Office is to publish criticisms about a government department that paid excessive fees to advisers on a £150m PFI project. The report says that fees should have been capped in the period between selecting a bidder and financial close.
650 _aFEES
650 _aNATIONAL AUDIT OFFICE
650 _aPFI
650 _aPRIVATE FINANCE INITIATIVE
690 _aPROPERTY-PROPERTY FINANCE AND INVESTMENT
942 _n0
948 _c02/02/1999
999 _c57762
_d57762